[Event "American Continental 18th"]
[Site "Medellin"]
[Date "2024.05.27"]
[Round "5"]
[White "Vergara Rozas, Jose Francisco"]
[Black "Pedrosa Class, Jose David"]
[Result "1-0"]
[WhiteElo "1977"]
[BlackElo "1786"]
[PlyCount "57"]
[EventDate "2024.05.24"]
[EventType "swiss"]
[EventRounds "11"]
[EventCountry "COL"]
[SourceTitle "CBM 220 Extra"]
[Source "ChessBase"]
[SourceDate "2024.07.31"]
[SourceVersion "1"]
[SourceVersionDate "2024.07.31"]
[SourceQuality "1"]

1. e4 e6 2. d4 d5 3. Nd2 c5 4. dxc5 Bxc5 5. Bd3 Nc6 6. c3 Nf6 7. Qe2 e5 8. h3 d4 9. Nb3 Bb6 10. Nf3 dxc3 11. bxc3 0-0 12. Bg5 a5 13. 0-0 h6 14. Bh4 Be6 15. Rab1 Ba7 16. Rfd1 Qe7 17. Bc4 Rac8 18. Bb5 Bxb3 19. axb3 Rfd8 20. Rxd8+ Nxd8 21. Rd1 Rc7 22. Nxe5 Ne6 23. Nf3 g5 24. Bg3 Rxc3 25. Bd6 Qd8 26. Be5 Qb6 27. Bxc3 Nf4 28. Qf1 Nxe4 29. Bd4 1-0

[Event "American Continental 18th"]
[Site "Medellin"]
[Date "2024.05.24"]
[Round "1"]
[White "Gonzalez Lopez, Nicolas Mateo"]
[Black "Pedrosa Class, Jose David"]
[Result "1-0"]
[WhiteElo "2220"]
[BlackElo "1786"]
[PlyCount "57"]
[EventDate "2024.05.24"]
[EventType "swiss"]
[EventRounds "11"]
[EventCountry "COL"]
[SourceTitle "CBM 220 Extra"]
[Source "ChessBase"]
[SourceDate "2024.07.31"]
[SourceVersion "1"]
[SourceVersionDate "2024.07.31"]
[SourceQuality "1"]

1. e4 e6 2. d4 d5 3. Nc3 Bb4 4. e5 c5 5. Qg4 Ne7 6. dxc5 Bxc3+ 7. bxc3 Qa5 8. Bd2 Nbc6 9. Nf3 0-0 10. Bd3 Ng6 11. Qh5 Nce7 12. 0-0 Bd7 13. Rab1 Rab8 14. c4 Qc7 15. cxd5 exd5 16. Rb4 h6 17. Re1 Qc8 18. h3 Bf5 19. Bxf5 Nxf5 20. e6 Nfe7 21. Rg4 f5 22. Rxg6 Nxg6 23. Qxg6 Rf6 24. Qg3 Qe8 25. e7 Rc8 26. Qe5 Rxc5 27. Nd4 a5 28. Nxf5 Rxc2 29. Qxd5+ 1-0